名古屋駅から出ている最も多い行き先 - Statistics

General Stats
  • This quiz has been taken 151 times
  • The average score is 10 of 15
Answer Stats
Question Answer % Correct
東海道新幹線(上り) 東京
100%
名古屋臨海高速鉄道あおなみ線 金城ふ頭
94%
JR東海道本線(上り) 豊橋
93%
名古屋市営東山線(東行き) 藤が丘
90%
東海道新幹線(下り) 新大阪
89%
名鉄名古屋本線(上り) 名鉄岐阜
88%
名古屋市営桜通線(西行き) 太閤通
85%
名古屋市営東山線(西行き) 高畑
77%
名古屋市営桜通線(東行き) 徳重
76%
名鉄犬山線 新鵜沼
62%
JR関西本線 亀山
58%
JR中央本線 中津川
34%
名鉄名古屋本線(下り) 中部国際空港
24%
近鉄名古屋線 富吉
21%
JR東海道本線(下り) 岐阜
15%
No matching quizzes found
Score Distribution
Percent of People with Each Score
Percentile by Number Answered
Your Score History
You have not taken this quiz